[Event "Niedersachsen-ch op"]
[Site "Verden"]
[Date "2016.01.03"]
[Round "2"]
[White "Hupe, Henning"]
[Black "Brinkmann, Fabian"]
[Result "0-1"]
[WhiteElo "2059"]
[BlackElo "2167"]
[PlyCount "67"]
[EventDate "2016.01.03"]
[EventType "swiss"]
[EventRounds "7"]
[EventCountry "GER"]
[SourceTitle "EXT 2018"]
[Source "ChessBase"]
[SourceDate "2017.10.13"]
[SourceVersion "1"]
[SourceVersionDate "2017.10.13"]
[SourceQuality "1"]

1. e4 c6 2. d4 d5 3. Nc3 dxe4 4. Nxe4 Bf5 5. Ng3 Bg6 6. Nf3 Nd7 7. h4 h6 8. h5 Bh7 9. Bd3 Bxd3 10. Qxd3 Ngf6 11. Bd2 e6 12. 0-0-0 Be7 13. Kb1 0-0 14. Ne4 Nxe4 15. Qxe4 Nf6 16. Qe2 c5 17. dxc5 Qc7 18. g4 Nxg4 19. Rhg1 f5 20. Qxe6+ Kh8 21. Bc3 Bf6 22. Bxf6 Rxf6 23. Qe2 Qf7 24. Rh1 Re8 25. Qd2 b6 26. cxb6 Rxb6 27. Qd4 Re2 28. Qd8+ Re8 29. Qd2 Qb7 30. Nh4 Rxb2+ 31. Ka1 Rxa2+ 32. Kxa2 Qa6+ 33. Kb3 Rb8+ 34. Kc3 0-1

[Event "EU-Cup 31st"]
[Site "Skopje"]
[Date "2015.10.23"]
[Round "6.6"]
[White "Agrest, Inna"]
[Black "Brinkmann, Fabian"]
[Result "1/2-1/2"]
[WhiteElo "2248"]
[BlackElo "2051"]
[PlyCount "93"]
[EventDate "2015.10.18"]
[EventType "team-swiss"]
[EventRounds "7"]
[EventCountry "MKD"]
[SourceTitle "CBM 169"]
[Source "ChessBase"]
[SourceDate "2015.11.10"]
[SourceVersion "1"]
[SourceVersionDate "2015.11.10"]
[SourceQuality "1"]
[WhiteTeam "Viking Team"]
[BlackTeam "Werder Bremen"]
[WhiteTeamCountry "SWE"]
[BlackTeamCountry "GER"]

1. e4 e5 2. Nf3 Nc6 3. Bb5 a6 4. Ba4 Nf6 5. d3 b5 6. Bb3 Be7 7. c3 0-0 8. Nbd2 d6 9. 0-0 Nb8 10. Re1 Nbd7 11. Nf1 h6 12. Ng3 Re8 13. Nf5 Bf8 14. N3h4 Nc5 15. Bc2 g6 16. b4 gxf5 17. bxc5 fxe4 18. dxe4 dxc5 19. Qf3 Nh7 20. Nf5 Bxf5 21. exf5 Qf6 22. Re4 Rad8 23. Be3 Kh8 24. Qh5 c4 25. Re1 Bg7 26. h4 Rg8 27. g4 Bf8 28. Kh1 Qg7 29. g5 Nf6 30. Qf3 Nxe4 31. Bxe4 f6 32. Rg1 Qd7 33. Qh5 c5 34. a3 a5 35. Qe2 Qh7 36. g6 Qd7 37. a4 b4 38. Qxc4 Qxa4 39. Qf7 Rd7 40. g7+ Bxg7 41. Qh5 Bf8 42. Rxg8+ Kxg8 43. Qg6+ Bg7 44. Qe8+ Kh7 45. Qg6+ Kg8 46. Qe8+ Kh7 47. Qg6+ 1/2-1/2

[Event "EU-Cup 31st"]
[Site "Skopje"]
[Date "2015.10.20"]
[Round "3.6"]
[White "Brinkmann, Fabian"]
[Black "Reichardt, Robin"]
[Result "1-0"]
[WhiteElo "2051"]
[BlackElo "1879"]
[PlyCount "83"]
[EventDate "2015.10.18"]
[EventType "team-swiss"]
[EventRounds "7"]
[EventCountry "MKD"]
[SourceTitle "CBM 169"]
[Source "ChessBase"]
[SourceDate "2015.11.10"]
[SourceVersion "1"]
[SourceVersionDate "2015.11.10"]
[SourceQuality "1"]
[WhiteTeam "Werder Bremen"]
[BlackTeam "En Passant"]
[WhiteTeamCountry "GER"]
[BlackTeamCountry "NED"]

1. e4 e5 2. Nf3 Nc6 3. Bb5 a6 4. Ba4 Nf6 5. 0-0 Be7 6. Re1 b5 7. Bb3 0-0 8. d4 d6 9. c3 Bg4 10. Be3 Na5 11. Bc2 Nd7 12. Nbd2 c5 13. h3 Bh5 14. d5 Bg6 15. g4 h6 16. Nf1 Bg5 17. Bxg5 hxg5 18. Qc1 f6 19. h4 gxh4 20. Nxh4 Kf7 21. f4 Rh8 22. Nf3 exf4 23. Qxf4 Nc4 24. Ng5+ Kg8 25. Ne6 Qe7 26. a4 bxa4 27. Bxa4 Nf8 28. Nxf8 Qxf8 29. Bc6 Rb8 30. Rxa6 Ne5 31. Rea1 Be8 32. Bxe8 Rxe8 33. b4 g5 34. Qf5 Qh6 35. Ra8 Qh1+ 36. Kf2 Nd3+ 37. Ke2 Nf4+ 38. Ke1 Nd3+ 39. Kd2 Qg2+ 40. Kxd3 c4+ 41. Kxc4 Qe2+ 42. Kb3 1-0

[Event "EU-Cup 31st"]
[Site "Skopje"]
[Date "2015.10.19"]
[Round "2.6"]
[White "Safarli, Eltaj"]
[Black "Brinkmann, Fabian"]
[Result "1-0"]
[WhiteElo "2657"]
[BlackElo "2051"]
[PlyCount "67"]
[EventDate "2015.10.18"]
[EventType "team-swiss"]
[EventRounds "7"]
[EventCountry "MKD"]
[SourceTitle "CBM 169"]
[Source "ChessBase"]
[SourceDate "2015.11.10"]
[SourceVersion "1"]
[SourceVersionDate "2015.11.10"]
[SourceQuality "1"]
[WhiteTeam "Socar"]
[BlackTeam "Werder Bremen"]
[WhiteTeamCountry "AZE"]
[BlackTeamCountry "GER"]

1. e4 c6 2. d4 d5 3. exd5 cxd5 4. c4 Nf6 5. Nc3 Nc6 6. Bg5 dxc4 7. d5 Ne5 8. Qd4 h6 9. Bf4 Ng6 10. Bxc4 Nxf4 11. Qxf4 g5 12. Qd2 Bg7 13. Nge2 Bd7 14. 0-0 0-0 15. Rad1 Qc7 16. Bb3 Rfd8 17. Ng3 Ng4 18. Qe2 Ne5 19. Qe4 Qd6 20. f4 gxf4 21. Qxf4 Qf6 22. Qe4 Qb6+ 23. Kh1 Qg6 24. Nf5 Bxf5 25. Rxf5 Ng4 26. Rdf1 Nf6 27. Qe2 a6 28. R1f3 Rd6 29. h3 Re8 30. Bc2 Nd7 31. R5f4 Qg5 32. Rg4 Qc1+ 33. Rf1 Qxb2 34. Bh7+ 1-0

[Event "Lueneburg op-A"]
[Site "Lueneburg"]
[Date "2015.08.22"]
[Round "8"]
[White "Brinkmann, Fabian"]
[Black "Schmitzer, Klaus"]
[Result "1/2-1/2"]
[WhiteElo "1956"]
[BlackElo "2265"]
[PlyCount "29"]
[EventDate "2015.08.15"]
[EventType "swiss"]
[EventRounds "9"]
[EventCountry "GER"]
[SourceTitle "EXT 2016"]
[Source "ChessBase"]
[SourceDate "2015.10.08"]
[SourceVersion "1"]
[SourceVersionDate "2015.10.08"]
[SourceQuality "1"]

1. e4 c6 2. Nc3 d5 3. Qf3 dxe4 4. Nxe4 Nd7 5. d4 Ndf6 6. c3 Bg4 7. Qf4 Bh5 8. Ng3 Nd5 9. Qh4 Bg6 10. Nf3 f6 11. Ne4 e6 12. Bd3 Nge7 13. Qh3 Bf7 14. Nc5 Nc8 15. Nxb7 1/2-1/2

[Event "Lueneburg op-A"]
[Site "Lueneburg"]
[Date "2015.08.19"]
[Round "5"]
[White "Beeck, Mats"]
[Black "Brinkmann, Fabian"]
[Result "1/2-1/2"]
[WhiteElo "2150"]
[BlackElo "1956"]
[PlyCount "58"]
[EventDate "2015.08.15"]
[EventType "swiss"]
[EventRounds "9"]
[EventCountry "GER"]
[SourceTitle "EXT 2016"]
[Source "ChessBase"]
[SourceDate "2015.10.08"]
[SourceVersion "1"]
[SourceVersionDate "2015.10.08"]
[SourceQuality "1"]

1. e4 c6 2. Nc3 d5 3. Nf3 Bg4 4. h3 Bxf3 5. Qxf3 dxe4 6. Nxe4 Nd7 7. d4 Ndf6 8. c3 Nxe4 9. Qxe4 Nf6 10. Qf3 Qd5 11. Qxd5 Nxd5 12. Bd2 e6 13. g3 Be7 14. Bg2 0-0 15. 0-0 Rad8 16. Rfd1 Bf6 17. Rac1 e5 18. dxe5 Bxe5 19. c4 Nb6 20. b3 Bd4 21. Kf1 Rd7 22. Bc3 Rfd8 23. Bxd4 Rxd4 24. Rxd4 Rxd4 25. Ke2 Kf8 26. Rd1 Rxd1 27. Kxd1 Ke7 28. Kd2 Kd6 29. Kd3 Ke5 1/2-1/2

[Event "Lueneburg op-A"]
[Site "Lueneburg"]
[Date "2015.08.16"]
[Round "2"]
[White "Brinkmann, Fabian"]
[Black "Rick, Uwe"]
[Result "1/2-1/2"]
[WhiteElo "1956"]
[BlackElo "2164"]
[PlyCount "52"]
[EventDate "2015.08.15"]
[EventType "swiss"]
[EventRounds "9"]
[EventCountry "GER"]
[SourceTitle "EXT 2016"]
[Source "ChessBase"]
[SourceDate "2015.10.08"]
[SourceVersion "1"]
[SourceVersionDate "2015.10.08"]
[SourceQuality "1"]

1. e4 c5 2. Nf3 d6 3. d4 cxd4 4. Nxd4 Nf6 5. Nc3 a6 6. Bg5 e6 7. f4 Be7 8. Qf3 Qa5 9. 0-0-0 Bd7 10. e5 dxe5 11. fxe5 Nc6 12. Nf5 exf5 13. exf6 gxf6 14. Bf4 0-0-0 15. Nd5 Be6 16. Bc4 Rd7 17. Qc3 Qxc3 18. Nb6+ Kd8 19. Rxd7+ Bxd7 20. bxc3 Ba3+ 21. Kb1 Be6 22. Rd1+ Ke7 23. Bxe6 Kxe6 24. Nd5 Ne5 25. Nc7+ Ke7 26. Nd5+ Ke6 1/2-1/2

[Event "GER-ch U18"]
[Site "Willingen"]
[Date "2015.05.30"]
[Round "9"]
[White "Siegert, Gregor"]
[Black "Brinkmann, Fabian"]
[Result "0-1"]
[WhiteElo "1933"]
[BlackElo "2068"]
[PlyCount "68"]
[EventDate "2015.05.24"]
[EventType "swiss"]
[EventRounds "9"]
[EventCountry "GER"]
[SourceTitle "CBM 166 Extra"]
[Source "ChessBase"]
[SourceDate "2015.06.18"]
[SourceVersion "1"]
[SourceVersionDate "2015.06.18"]
[SourceQuality "1"]

1. e4 c6 2. d4 d5 3. exd5 cxd5 4. Bd3 Nc6 5. c3 Nf6 6. h3 g6 7. Bf4 Bg7 8. Nf3 0-0 9. 0-0 Bf5 10. Bxf5 gxf5 11. Nbd2 Ne4 12. Ne5 Rc8 13. Qh5 e6 14. Nxe4 fxe4 15. Rae1 f5 16. f3 Nxe5 17. Bxe5 Bxe5 18. dxe5 Rc7 19. Qh6 Qe8 20. fxe4 dxe4 21. Rd1 Qg6 22. Qxg6+ hxg6 23. Rd6 Re8 24. Kf2 Kf7 25. Ke3 Rc5 26. Kf4 Rd5 27. c4 g5+ 28. Kxg5 Rxe5 29. g4 Rg8+ 30. Kf4 Rc5 31. b3 Rh8 32. Rd7+ Kf6 33. Rxb7 Rxh3 34. Rxa7 e5# 0-1